| 000 -LEADER |
| fixed length control field |
00776nam a2200205Ia 4500 |
| 001 - CONTROL NUMBER |
| control field |
15854 |
| 003 - CONTROL NUMBER IDENTIFIER |
| control field |
GE_BSU |
| 008 - FIXED-LENGTH DATA ELEMENTS--GENERAL INFORMATION |
| fixed length control field |
181216s||||||||xx |||||||||||||| ||und|| |
| 040 ## - CATALOGING SOURCE |
| Transcribing agency |
GE_BSU |
| 080 ## - UNIVERSAL DECIMAL CLASSIFICATION NUMBER |
| Universal Decimal Classification number |
821.353.1-31 |
| 100 ## - MAIN ENTRY--PERSONAL NAME |
| Personal name |
მოსე ხონელი |
| 245 ## - TITLE STATEMENT |
| Title |
ამირანდარეჯანიანი |
| 245 ## - TITLE STATEMENT |
| Statement of responsibility, etc. |
გამოსაც. მოამზადა ლ. ათანელიშვილმა. რედ.ილ.აბულაძე. მ.ებრალიძე. მხ. ნ. მალაზონია |
| 260 ## - PUBLICATION, DISTRIBUTION, ETC. |
| Place of publication, distribution, etc. |
თბილისი |
| 260 ## - PUBLICATION, DISTRIBUTION, ETC. |
| Name of publisher, distributor, etc. |
მერანი |
| 260 ## - PUBLICATION, DISTRIBUTION, ETC. |
| Date of publication, distribution, etc. |
1969 |
| 300 ## - PHYSICAL DESCRIPTION |
| Accompanying material |
ლექსიკონი: გვ. 177-192 |
| 653 ## - INDEX TERM--UNCONTROLLED |
| Uncontrolled term |
ამირანდარეჯანიანი |
| 942 ## - ADDED ENTRY ELEMENTS (KOHA) |
| Koha item type |
წიგნი |